Sự kiện giàn khoan Hải Dương 981 và tham vọng của Trung Quốc độc chiếm Biển Đông

Lộ trình hiện thực hoá tham vọng của Trung Quốc độc chiếm Biển Đông. Chứng cứ lịch sử và cơ sở pháp lý khẳng định chủ quyền của Việt Nam đối với quần đảo Hoàng Sa, Trường Sa và những vi phạm của Trung Quốc nhìn từ luật pháp quốc tế...

Полное описание

Сохранить в:
Библиографические подробности
Главный автор: Trần, Ngọc Vương
Формат:
Язык:Undetermined
Опубликовано: H. Thông tin và Truyền thông 2015
Предметы:
Online-ссылка:http://lrc.tdmu.edu.vn/opac/search/detail.asp?aID=2&ID=27251
Метки: Добавить метку
Нет меток, Требуется 1-ая метка записи!
Thư viện lưu trữ: Trung tâm Học liệu Trường Đại học Thủ Dầu Một
LEADER 01385nam a2200205Ia 4500
001 TDMU_27251
008 210410s9999 xx 000 0 und d
082 |a 303.483 
090 |b TR121 
100 |a Trần, Ngọc Vương 
245 0 |a Sự kiện giàn khoan Hải Dương 981 và tham vọng của Trung Quốc độc chiếm Biển Đông 
245 0 |c Trần Ngọc Vương (ch.b.), Trần Công Trục, Đinh Hoàng Thắng 
260 |a H. 
260 |b Thông tin và Truyền thông 
260 |c 2015 
300 |a 258tr. 
520 |a  Lộ trình hiện thực hoá tham vọng của Trung Quốc độc chiếm Biển Đông. Chứng cứ lịch sử và cơ sở pháp lý khẳng định chủ quyền của Việt Nam đối với quần đảo Hoàng Sa, Trường Sa và những vi phạm của Trung Quốc nhìn từ luật pháp quốc tế. Quan điểm của Việt Nam và dư luận thế giới trước tham vọng của Trung Quốc độc chiếm Biển Đông 
650 |a Chủ quyền  |x Biển Đông  |z Việt Nam; Sự kiện chính trị  |x Giàn khoan Hải Dương 981 
856 |u http://lrc.tdmu.edu.vn/opac/search/detail.asp?aID=2&ID=27251 
980 |a Trung tâm Học liệu Trường Đại học Thủ Dầu Một